000 00365nam a2200145Ia 4500
008 230312s9999||||xx |||||||||||||| ||und||
020 _a0-07-232099-0
082 _a621.3815
_bJAE-M
100 _aJaeger;Richard.c
245 0 _aMicroelectronic Circuit Design
260 _bMcGraw Hill
_aUSA
_c2004
300 _a1506
650 _aEngineering
_vAvionics
942 _cBK
999 _c9589
_d9589